Spicing up the working relationship (Record no. 70132)

MARC details
000 -LEADER
fixed length control field 00809cam a2200217 4500
001 - CONTROL NUMBER
control field ABS65405
008 - FIXED-LENGTH DATA ELEMENTS--GENERAL INFORMATION
fixed length control field 020430n2002 000 0 eng u
035 ## - SYSTEM CONTROL NUMBER
System control number (Sirsi) u117782
100 ## - MAIN ENTRY--PERSONAL NAME
Personal name Osborne, H
245 ## - TITLE STATEMENT
Title Spicing up the working relationship
260 ## - PUBLICATION, DISTRIBUTION, ETC.
Date of publication, distribution, etc. 2002
490 ## - SERIES STATEMENT
Series statement Estates Gazette
Volume/sequential designation (0215) 13 April 2002, 120-121(1)
520 ## - SUMMARY, ETC.
Summary, etc. Reports on EG/BCO look at landlords' and tenants' desires when locating businesses. Uses comments from attendees at a meeting held in April 2002, where general view was that business location was no longer UK centred, citing inflexibility of leases as one problem.
590 ## - LOCAL NOTE (RLIN)
Local note ABS
650 ## - SUBJECT ADDED ENTRY--TOPICAL TERM
Topical term or geographic name entry element LEASES
650 ## - SUBJECT ADDED ENTRY--TOPICAL TERM
Topical term or geographic name entry element LANDLORDS
650 ## - SUBJECT ADDED ENTRY--TOPICAL TERM
Topical term or geographic name entry element TENANTS
650 ## - SUBJECT ADDED ENTRY--TOPICAL TERM
Topical term or geographic name entry element BUSINESS LOCATIONS
690 ## - LOCAL SUBJECT ADDED ENTRY--TOPICAL TERM (OCLC, RLIN)
Topical term or geographic name as entry element LANDLORD AND TENANT-BUSINESS TENANCIES
942 ## - ADDED ENTRY ELEMENTS (KOHA)
Suppress in OPAC 0
Holdings
Withdrawn status Lost status Source of classification or shelving scheme Damaged status Not for loan Home library Current library Shelving location Date acquired Total Checkouts Full call number Barcode Date last seen Copy number Price effective from Koha item type
    Dewey Decimal Classification     London London Journal article 30/04/2002   ABS65405 117782-1001 06/08/2019 1 06/08/2019 Journal article